Rhymes with 'FAN' Quiz Stats

 Plays Quiz Updated Jun 10, 2018

Also try: Rhymes with 'ALE'
Challenge
Share
Tweet
Embed
Score 0/16 Timer 02:00
97 Plays Today
% Correct
can
97.7%
ban
97%
man
95.5%
tan
95.5%
pan
94.8%
ran
94.2%
an
77.5%
bran
76.8%
% Correct
van
76.8%
plan
72.1%
clan
66.1%
span
58.5%
scan
53.9%
than
48.2%
gran
44.3%
scran
12.4%

You're not logged in!

Compare scores with friends on all Sporcle quizzes.
OR
Log In

You Might Also Like...

Show Comments

Extras

Top Quizzes Today


Score Distribution

Your Account Isn't Verified!

In order to create a playlist on Sporcle, you need to verify the email address you used during registration. Go to your Sporcle Settings to finish the process.

Report this User

Report this user for behavior that violates our Community Guidelines.

Details: